Responses for show #2677 - Tuesday, April 2, 1996

David Sampugnaro game 2.

Contestants

Amy Comeau, a law librarian from New York City, New York

Chip Hunter, a professor of management from Philadelphia, Pennsylvania

David Sampugnaro, a writer and consultant originally from Elmsford, New York (whose 1-day cash winnings total $13,200)

Jeopardy! Round responses

ASIA
SPORTS
CLOTHING
MUSIC
DJIA STOCKS
(Dow Jones Industrial Average stocks)
CROSSWORD CLUES "A"
    $100 3
China

Amy
    $100 2
Rose Bowl

David
    $100 5
Suspenders

Chip
    $100 15
Christmas

Chip
    $100 1
American Express

Chip
    $100 21
Alarm

Chip
    $200 4
India

Amy
    $200 6
George Foreman

Amy
    $200 7
Pantyhose

Amy
    $200 26
Operetta

David
    $200 16
AT&T (American Telephone & Telegraph)

Amy
    $200 22
Amazon

Chip
    $300 13
Malaysia

David
    $300 10
Julius Erving

David
    $300 8
Monokini

Amy
    $300 27
Trombone

Amy
    $300 17
Woolworth's

Chip
    $300 23
Armor

Chip
    $400 14
Bangladesh

Chip
    $400 11
Balance Beam

Chip
    $400 9
Josephine

Chip
    $400 28
Toccata

Amy
    $400 18
Procter & Gamble

David
    $400 24
Autumn

Chip
    $900 19
Borneo

David
    $500 12
The Mile

David
    $500 30
Happi Coat

Triple Stumper
    $500 29
Flamenco

Triple Stumper
    $500 20
(A: What is McDonnell-Douglas?)

Boeing

DavidAmy
    $500 25
Antelope

Chip

Scores at the first commercial break (after clue 15):

David Chip Amy
$1,200 $1,500 $1,000

Scores at the end of the Jeopardy! Round:

David Chip Amy
$3,200 $3,300 $1,400

Double Jeopardy! Round responses

NATURALISTS
GOVERNMENT & POLITICS
MOUNTAINS
ART
17TH CENTURY AMERICA
LITERATURE
    $200 20
Henry David Thoreau

Amy
    $200 3
The National Archives

David
    $200 10
Mt. Fuji

David
    $200 26
Pastels

David
    $200 14
The Mayflower

David
    $200 1
Jack London

Chip
    $400 21
John James Audubon

Chip
    $400 4
George (H.W.) Bush

David
    $400 11
Mt. Olympus

Chip
    $400 27
Michelangelo

David
    $400 16
(A: What is Roanoke?)
(D: What is Williamsburg?)

Jamestown

DavidChipAmy
    $400 2
F. Scott Fitzgerald

David
    $600 22
Glaciers

David
    $600 5
(C: What is Interior?)

Agriculture

DavidChip
    $600 13
The Matterhorn

Chip
    $600 28
Fresco

David
    $600 17
The Quakers

Chip
    $600 8
Mr. Micawber

Chip
    $800 24
Charles Darwin

Amy
    $2,500 6
Arkansas

David
    $800 15
Mt. Ararat

Chip
    $800 29
"American Gothic"

David
    $800 18
Peter Minuit

Chip
    $800 9
"The Treasure of the Sierra Madre"

David
    $500 25
(Alex: Amy, before you make your wager, we have a change in scoring to announce: our judges have informed me that Chip, your response of a little while ago in the category LITERATURE was "Forsyth Saga" instead of "Forsyte", and they were listening very carefully, and so that is incorrect, obviously, so we have to penalize you. We'll take away the money. You now have $8,500.)

Carolus Linnaeus

Amy
    $1000 7
Robert Taft

Chip
    $1000 23
K2

Chip
    $1000 30
(A: Who is Frida Kahlo?)

Mary Cassatt

Amy
Triple Stumper
    $1000 19
LaSalle

Triple Stumper
    $1000 12
(C: What is the Forsyth Saga?)
(see Clue 25 for explanation..)

"The Forsyte Saga"

Chip
Triple Stumper

Scores at the end of the Double Jeopardy! Round:

David Chip Amy
$10,700 $8,500 $1,500

[wagering suggestions for these scores]

Final Jeopardy! Round responses

U.S. CITY NAME ORIGINS
(Alex: David, Grandma's going to be very, very proud of you - yes, indeed!)
AmyWhat
$1,000
ChipWhat is Richtofen?
$4,099
DavidWhat is Baltimore
$6,301
Baltimore (the Barons Baltimore; the Calvert family)

Final scores:

David Chip Amy
$17,001 $4,401 $500
2-day champion: $30,201 2nd place: Lloyd Flanders Wicker Furniture 3rd place: Magnavox TV/VCR Combo

Game dynamics:

Coryat scores:

David Chip Amy
$8,600 $8,500 $2,000
21 R
(including 2 DDs),
1 W
23 R,
2 W
11 R
(including 1 DD),
3 W

Combined Coryat: $19,100

The J! Archive is created by fans, for fans. The Jeopardy! game show and all elements thereof, including but not limited to copyright and trademark thereto, are the property of Jeopardy Productions, Inc. and are protected under law. This website is not affiliated with, sponsored by, or operated by Jeopardy Productions, Inc. Join the discussion at JBoard.tv.